Pages de début (notice n° 1602647)
[ vue normale ]
| 000 -LEADER | |
|---|---|
| fixed length control field | 00580cam a2200181 4500500 |
| 005 - DATE AND TIME OF LATEST TRANSACTION | |
| control field | 20251228090734.0 |
| 041 ## - LANGUAGE CODE | |
| Language code of text/sound track or separate title | fre |
| 042 ## - AUTHENTICATION CODE | |
| Authentication code | dc |
| 100 10 - MAIN ENTRY--PERSONAL NAME | |
| Personal name | Savin, Pierre |
| Relator term | author |
| 245 00 - TITLE STATEMENT | |
| Title | Pages de début |
| 260 ## - PUBLICATION, DISTRIBUTION, ETC. | |
| Date of publication, distribution, etc. | 2016.<br/> |
| 500 ## - GENERAL NOTE | |
| General note | 22 |
| 700 10 - ADDED ENTRY--PERSONAL NAME | |
| Personal name | Martin, Hervé |
| Relator term | author |
| 700 10 - ADDED ENTRY--PERSONAL NAME | |
| Personal name | Haye, François |
| Relator term | author |
| 700 10 - ADDED ENTRY--PERSONAL NAME | |
| Personal name | Caradec, Jean-Yves |
| Relator term | author |
| 786 0# - DATA SOURCE ENTRY | |
| Note | Bulletin de l’Amitié Charles Péguy | 153 | 1 | 2016-04-12 | 0180-8567 |
| 856 41 - ELECTRONIC LOCATION AND ACCESS | |
| Uniform Resource Identifier | <a href="https://shs.cairn.info/revue-bulletin-de-lamitie-charles-peguy-2016-1-page-0?lang=fr&redirect-ssocas=7080">https://shs.cairn.info/revue-bulletin-de-lamitie-charles-peguy-2016-1-page-0?lang=fr&redirect-ssocas=7080</a> |
Pas d'exemplaire disponible.




Réseaux sociaux